Random NBA quiz 2026 - Statistics

General Stats
  • This quiz has been taken 128 times
  • The average score is 5 of 11
Answer Stats
Hint Answer % Correct
What team did Trae Young gettraded to Washington Wizards
91%
What team won the most recent in-season tournament New York Knicks
81%
Which players burner twitter accountwas found Kevin Durant
80%
How many points did Cooper Flagg score in a lossagainst the Charlotte Hornets 49
75%
Who won the all-star game MVP Anthony Edwards
64%
What team scored 66 total points in a game Brooklyn Nets
46%
#4 draft pick in the 2025-26 season Kon Knueppel
35%
Which Charlotte Hornets player got into an altercation with Jalen Duren Moussa Diabate
23%
Who was the AT&T slam dunk contest winner Keshad Johnson
22%
Which player had 22 assists ina game this season Isaiah Collier
17%
Backup Center for the Suns Oso Ighodoro
1%
No matching quizzes found
Score Distribution
Percent of People with Each Score
Percentile by Number Answered
Your Score History
You have not taken this quiz